000 006300000a22001810004500
001 768714001
003 CO-MdFUSB
005 20170424131008.0
008 170424s2005 cr ||||| |||| 00| 0 spa d
040 _aCO-MdFUSB
_bspa
_cCO-MdFUSB
_dCO-MdFUSB
041 _aspa
100 1 _aPecho Galarza, Jonan
_eautor
245 1 0 _aEl proceso de restauración emocional :
_bdeesarrollo, belleza y libertad
300 _aVolumen 7, número 24, (2005), Páginas 4-6
_c28 cm.
546 _aTexto en español
773 0 _tAlcanzando a los Niños en Riesgo
_049458
_960572
_gVolumen 7, número 24, (2005), Páginas 4-6
_qPágina 4
942 _cANA
999 _c60947
_d60947